Manuel du baigneur a Bagnères-de-Bigorre (Record no. 161329)

MARC details
000 -LEADER
campo de control de longitud fija 00895nam a22001815i 4500
001 - NÚMERO DE CONTROL
campo de control 161329
003 - IDENTIFICADOR DE NÚMERO DE CONTROL
campo de control ES-MaACL
005 - FECHA Y HORA DE LA ÚLTIMA TRANSACCIÓN
campo de control 20230906212249.0
008 - DATOS DE LONGITUD FIJA--INFORMACIÓN GENERAL
campo de control de longitud fija 041015s1856 fr |||| | fre d
040 ## - FUENTE DE CATALOGACIÓN
Centro catalogador/agencia de origen CAM
Lengua de catalogación spa
Centro/agencia transcriptor CAM
100 1# - ENTRADA PRINCIPAL--NOMBRE DE PERSONA
Nombre de persona Pambrun, Ariste.
9 (RLIN) 130810
245 10 - MENCIÓN DEL TÍTULO
Título Manuel du baigneur a Bagnères-de-Bigorre
Resto del título : ouvrage indispensable à ceux qui font usage des différentes sources salines, ferrugineuses et sulfureuses de divers établissements de cette ville /
Mención de responsabilidad, etc. par Ar. Pambrun.
260 ## - PUBLICACIÓN, DISTRIBUCIÓN, ETC.
Lugar de publicación, distribución, etc. Bagnères-de-Bigorre :
Nombre del editor, distribuidor, etc. J.-M. Dossun, Libraire-éditeur,
Fecha de publicación, distribución, etc. 1856 (
Fabricante Imprimerie de J.-M. Dossun)
300 ## - DESCRIPCIÓN FÍSICA
Extensión IV, 336 p. ;
Dimensiones 18 cm.
650 #4 - PUNTO DE ACCESO ADICIONAL DE MATERIA--TÉRMINO DE MATERIA
Término de materia o nombre geográfico como elemento de entrada Aguas minerales-
Subdivisión geográfica Francia.
9 (RLIN) 135524
650 #4 - PUNTO DE ACCESO ADICIONAL DE MATERIA--TÉRMINO DE MATERIA
Término de materia o nombre geográfico como elemento de entrada Balnearios-
Subdivisión geográfica Bagnères-de-Bigorre.
9 (RLIN) 135663
852 ## - LOCALIZACIÓN
Ubicación ES-MaACL
Número de control de estantería G-10726
Nota libre -- Enc. hol.
-- -- Ded. ms. de Emilio Saenz Diez: "A la Biblioteca de "Los escolares médicos". El socio fundador"
Holdings
Estatus retirado Estado de pérdida Estado de daño No para préstamo Colección Biblioteca de origen Biblioteca actual Ubicación en estantería Fecha de adquisición Fuente de adquisición Total de préstamos Signatura topográfica completa Código de barras Visto por última vez Precio de reemplazo Tipo de ítem Koha
        Libros del s. XIX Biblioteca del Ateneo de Madrid Biblioteca del Ateneo de Madrid Sala Pecera Planta 3 17/01/2008     G-10726 1168981 23/02/2023 23/02/2023 Libro impreso antiguo